000 01448nam a2200313 i 4500
001 170834
003 ES-MaACL
005 20250808062747.0
008 090408s1955 sp |||| | spa d
100 0 _aTomás de Aquino,
_cSanto
_9110514
240 1 0 _aSumma theologica.
_lEspañol-Latín
245 1 0 _aSuma teológica.
_nT. IX /
_cde Santo Tomás de Aquino ; texto latino de la edición crítica Leonina ; traducción y anotaciones por una comisión de PP. Dominicos presidida por Francisco Barbado Viejo ; introducción general por Santiago Ramírez.
260 _aMadrid :
_bLa Editorial Católica,
_c1955.
300 _aXX, 906 p. ;
_c20 cm.
490 1 _aBiblioteca de autores cristianos ;
_v142
505 8 _aContiene : Tratado de la religión ; Tratado de las virtudes sociales ; Tratado de la fortaleza / versión bajo la dirección de Teófilo Urdanoz ; introducciones y apéndices por Pedro Lumbreras
546 _aTexto en latín y castellano.
700 1 _aBarbado Viejo, Francisco,
_cObispo de Salamanca.
_9139678
700 0 _aRamírez, Santiago.
_995112
700 1 _aUrdanoz, Teófilo.
_9139750
700 1 _aLumbreras, Pedro.
_974735
740 0 _aTratado de la religión.
740 0 _aTratado de las virtudes sociales.
740 0 _aTratado de la fortaleza.
830 0 0 _aBiblioteca de autores cristianos
_v142
_9178679
852 _aES-MaACL
_jJ-140
_9R.46092
999 _c170834
_d170834